000 01017nam a2200265 i 4500
001 bg
100 1 _aWYSZOMIRSKI, Piotr
245 1 0 _aSurowce węglanowe /
_cPiotr Wyszomirski, Edeltrauda Helios-Rybicka.
250 _aWyd. 2 uzup.
260 _aKraków :
_bWydaw. AGH,
_c1991.
300 _a39 s. :
_b1 mapa, wykr. ;
_c24 cm.
490 1 _aMateriały Dydaktyczne Zakładu Złóż Surowców Ceramicznych Instytutu Geologii i Surowców Mineralnych AGH [Akademii Górniczo-Hutniczej]
504 _aBibliogr. s. 39.
650 9 _aCeramika budowlana
_xsurowce
_zPolska
650 9 _aMinerały
_zPolska
650 9 _aWęglany
_zPolska
655 _aPodręczniki akademickie
700 1 _aHELIOS-RYBICKA, Edeltrauda
830 _aMateriały Dydaktyczne Zakładu Złóż Surowców Ceramicznych Instytutu Geologii i Surowców Mineralnych AGH [Akademii Górniczo-Hutniczej]
040 _cBPK
041 0 _apol
080 _a553.5/.6:666](438)(075.8)
942 _cKS
008 s pl f |000 0 pol
999 _c32208
_d32208
856 _uhttp://koha.tu.koszalin.pl/cgi-bin/koha/opac-detail.pl?biblionumber=32208
_yKatalog online BPK